000
00295nam a22001337a 4500
008
181019b xxu||||| |||| 00| 0 eng d
020
_a
9780071767880
041
_a
eng
080
_a
540
100
_a
12
101
_a
KIM
245
_a
Easy Chemistry Step-by-Step
_c
DeWane,M
942
_2
udc
_c
BK
999
_c
50244
_d
50244